000
00311nam a22001337a 4500
008
170531b xxu||||| |||| 00| 0 eng d
020
_a
51131
041
_a
eng
080
_a
94(7/8)
100
_a
17
101
_a
SHH
245
_a
AMERICA, RUSSIA, AND THE COLD WAR, 1954-1966
_c
LAFEBER, W
942
_2
udc
_c
BK
999
_c
15165
_d
15165